000
00271nam a2200109Ia 4500
008
220204s9999 xx 000 0 und d
082
_a
301
_b
FER
100
_a
Ferrar, T A
245
0
_a
Urban costs of climate modification
260
_a
New York
_b
Wiley
_c
1976
942
_c
BK
999
_c
25617
_d
25617